Statistics for Corinthians 13:4-8

Click here to take the quiz!

General Stats

  • This quiz has been taken 16 times
  • The average score is 34 of 58

Answer Stats

HintAnswer% Correct
24is
91%
16is
91%
5is
91%
29is
91%
2is
91%
20is
91%
50it
82%
23it
82%
7it
82%
11it
82%
19it
82%
28it
82%
33it
82%
15it
82%
48the
82%
1love
73%
4love
73%
39love
73%
12does
64%
8does
64%
40does
64%
6kind
64%
35no
64%
41not
64%
30not
64%
25not
64%
21not
64%
9not
64%
13not
64%
17not
64%
3patient
64%
55always
55%
53always
55%
57always
55%
51always
55%
14boast
55%
37of
55%
18proud
55%
10envy
45%
34keeps
45%
36record
45%
26self
45%
49truth
45%
32angered
36%
45but
36%
31easily
36%
44evil
36%
43in
36%
46rejoices
36%
27seeking
36%
47with
36%
38wrongs
36%
42delight
27%
56hopes
27%
54trusts
27%
58perseveres
18%
52protects
18%
22rude
18%

Score Distribution

Percentile by Number Answered

Percent of People with Each Score

Your Score History

You have not taken this quiz